La Favola Di Amore E Psiche

Saved in:
Bibliografiske detaljer
Hovedforfatter: Lucio Apuleio
Format: Bog
Sprog:ukendt sprog
Udgivet: Newton Compton Rditori
Tags: Tilføj Tag
Ingen Tags, Vær først til at tagge denne postø!

MARC

LEADER 00000nam a2200000Ia 4500
001 R-738
003 CODICE-MESSINA
005 20260212102456.0
008 260211s9999 xx 000 0 und d
040 |c importazione_messina 
100 |a Lucio Apuleio 
245 0 |a La Favola Di Amore E Psiche 
260 |b Newton Compton Rditori 
942 |2 ddc  |c BK 
952 |0 0  |1 0  |2 ddc  |4 0  |6 SCAFFALE_7_000000000000000__ROMANZI  |7 0  |9 31565  |a ME  |b ME  |d 2026-02-11  |l 0  |o SCAFFALE 7 - ROMANZI  |p R-738  |r 2026-02-11 23:52:38  |w 2026-02-11  |x [REVISIONARE]  |y BK 
999 |c 27230  |d 27230